| 000 | 00438nam a2200145Ia 4500 | ||
|---|---|---|---|
| 008 | 130318s9999 xx 000 0 und d | ||
| 020 | _a8184041578 | ||
| 082 | _a006.76X MAH/A | ||
| 100 | _aMahemoff, Michael | ||
| 245 | _aAjax design patterns: Creating web 2.0 sites with programming and usability patterns | ||
| 260 |
_bO'Reilly/Shroff Publishers and Distributors _aMumbai _c2006 |
||
| 300 | _a635 | ||
| 650 | _aAJAX | ||
| 650 | _aWEB 2.0 | ||
| 999 |
_c1217 _d1217 |
||